LEADER 00603nab a2200145 i 4500 001 000000324289 003 CaOOAMICUS 005 20180831173441.0 008 180831n xx uu u0 0und r 013 $a35083 040 $aSeMil$bita 245 10$aScuola e cultura :$b50 anni dopo. Riletture della resistenza. 650 4$aResistenza - Italia - 1943-1945.$0(OLS)http://semarc/subject/38444 773 0 $tDimensione ermeneutica della scienza ; La scuola tra attualitą e cultura ; 1945-1995.$gp.23-40$w()285272 996 $6245$aScuola e cultura :$b50 anni dopo. Riletture della resistenza$9(OLS)http://semarc/title/397585 LEADER 01285nam a2200277 i 4500 001 000000064330 003 CaOOAMICUS 005 20230131100704.0 008 980925s1983 gw u000 u ger u 020 $a3-451-02098-X 040 $aSeMil$bita 100 1 $aGanoczy, Alexandre,$d<1928- >.$0(OLS)http://semarc/name/16000 245 10$aChristliche Grundlagen des Dialogs mit den Weltreligionen /$cAlexandre Ganoczy... [et al.] ; hrsg. von Walter Strolz und Hans Waldenfelds. 264 1$aFreiburg :$bHerder,$c1983. 300 $a192 p. ;$c22 cm 490 1 $aQuaestiones disputatae ;$v98 650 4$aCristianesimo e religioni non cristiane.$0(OLS)http://semarc/subject/3360 700 1 $aStrolz, Walter.$0(OLS)http://semarc/name/22282 700 1 $aWaldenfels, Hans,$d<1931- >.$0(OLS)http://semarc/name/17039 830 0$aQuaestiones disputatae ;$v98.$0(OLS)http://semarc/title/436628 850 $aSeMil 852 $aSeMil$W1$xVenegono$y1$m2M I 450$j30483$B30483$CSeMilBibl$Z2$F30486 $81 996 $6020$a3-451-02098-X$9(OLS)http://semarc/number/41257 996 $6245$aChristliche Grundlagen des Dialogs mit den Weltreligionen$9(OLS)http://semarc/title/101802 996 $6264$aFreiburg :$bHerder$9(OLS)http://semarc/publisher/29811